00325nam a2200133Ia 4500008004100000020001500041041001200056082001600068100001500084245004400099260002500143300000800168650001500176221030s9999 xx 000 0 und d a0070581908 aEnglish a105.23bSek aU. Sekaran 0aOrganisational Behaviour : Text & Cases bTMHaNew Delhic2004 a359 aManagement